Responses for show #6218 - Wednesday, October 5, 2011

Joon Pahk game 3.

Contestants

[<< previous game]

Daniel Okobi, Jr., a medical student from Freeport, New York

Katie Baker, a staffer for a political organization originally from Mount Vernon, Ohio

Joon Pahk, a college physics teacher from Somerville, Massachusetts (whose 2-day cash winnings total $79,600)

[next game >>]

Jeopardy! Round responses

I'M DATING MYSELF
4-LETTER WORDS
MIDDLE NAMES
SPORTS VENUES
THE JEWISH HIGH HOLIDAYS
(Alex: And finally we want you to name the play in...)
RARELY QUOTED SHAKESPEAREAN DIALOGUE
    $200 25
the U.N.

Joon
    $200 6
shag

Joon
    $200 1
Love

Joon
    $200 11
Shea Stadium

Daniel
    $200 30
atonement

Joon
    $200 20
Hamlet

Daniel
    $400 26
francs

Joon
    $400 7
deny

Daniel
    $400 2
Bysshe

Joon
    $400 12
Fenway Park

Daniel
    $400 18
Aramaic

Joon
    $400 21
The Tempest

Joon
    $600 27
Truman Capote

Triple Stumper
    $600 8
(Daniel: What is toad?)

a newt

JoonDaniel
    $600 3
Jacob

Joon
    $600 13
Madison Square Garden

Daniel
    $600 17
the pomegranate

Triple Stumper
    $600 22
Romeo and Juliet

Daniel
    $800 28
CompuServe

Joon
    $800 9
nave

Joon
    $800 4
Lloyd

Daniel
    $800 14
(Joon: What's the Rose Bowl?)

the (L.A.) Coliseum

JoonKatie
    $800 16
the shofar

Katie
    $800 23
King Lear

Joon
    $1000 29
George

Joon
    $1000 10
a Hemi

Joon
    $1000 5
Ilyich

Daniel
    $2,400 19
(Joon: Who are the Senators?)
...
(Alex: With my hockey hero, Gordie Howe.)

the Detroit Red Wings

Joon
    $1000 15
(Joon: What is sacrificial lamb?)
(Daniel: What is fatted calf?)

scapegoat

JoonDaniel
Triple Stumper
    $1000 24
(Katie: What is Julius Caesar?)
...
(Alex: Cassio, not Cassius.)

Othello

JoonKatie

Scores at the first commercial break (after clue 15):

Joon Katie Daniel
$2,000 $800 $1,800

Scores at the end of the Jeopardy! Round:

Joon Katie Daniel
$4,800 $600 $2,600

Double Jeopardy! Round responses

I'M DATING MYSELF
LANGUAGES
SONGS ABOUT GIRLS
NORTH TO ALASKA
BALLET
THE "N-H-L"
    $400 16
Benihana

Triple Stumper
    $400 5
Belarus

Joon
    $400 29
(Alex: Are you having fun?)
(Katie: I am having so much fun!)

"Girls Just Want To Have Fun"

Katie
    $400 19
ice

Katie
    $400 24
(Joon: What are ballerinas?)
...
(Alex: I don't think so, not in our Navy.)

sailors

Joon
Triple Stumper
    $400 3
nightingale

Joon
    $800 17
lily

Joon
    $800 9
Mandarin

Joon
    $800 25
brown eyed girl

Daniel
    $800 21
a panhandle

Joon
    $800 23
Sleeping Beauty

Katie
    $800 4
nephrology

Daniel
    $1200 18
rock collecting

Triple Stumper
    $1200 10
Portuguese

Katie
    $1200 20
Rihanna

Daniel
    $1200 22
(Daniel: What is Sitka?)

Kodiak

KatieDaniel
    $1200 15
The Rite of Spring

Joon
    $1200 6
a netherworld

Joon
    $1600 26
(Joon: What is rumba?)
[Initially ruled incorrect; reversed before Final Jeopardy! after being deemed acceptable by the judges]

salsa

Joon
    $3,000 13
(Joon: What is the Irish Sea?)

the North Sea

Joon
    $1600 1
"because the doggone girl is mine"

Katie
    $1600 28
the Aleuts (the Aleutians accepted)

Katie
    $5,000 11
Rodeo

Katie
    $1600 7
Nathaniel

Katie
    $2000 27
(Daniel: What is crib?)

an airplane

Daniel
Triple Stumper
    $2000 14
Quito

Katie
    $2000 2
Ipanema

Joon
    $2000 30
the Yukon

Joon
    $2000 12
Giselle

Joon
    $2000 8
Neufch√Ętel

Joon

Scores at the end of the Double Jeopardy! Round:

Joon Katie Daniel
$16,600 $16,400 $2,200

[wagering suggestions for these scores]

Final Jeopardy! Round responses

LITERARY TITLE CHARACTERS
DanielWho is Don Quijote?
$1,600
KatieWho Don Quixote?
$5,000
JoonWho is Don Quixote?
$16,500
Don Quixote

Final scores:

Joon Katie Daniel
$33,100 $21,400 $3,800
3-day champion: $112,700 2nd place: $2,000 3rd place: $1,000

Game dynamics:

Coryat scores:

Joon Katie Daniel
$22,000 $13,000 $2,200
28 R,
5 W
(including 2 DDs)
12 R
(including 1 DD),
1 W
11 R,
4 W

Combined Coryat: $37,200

The J! Archive is created by fans, for fans. The Jeopardy! game show and all elements thereof, including but not limited to copyright and trademark thereto, are the property of Jeopardy Productions, Inc. and are protected under law. This website is not affiliated with, sponsored by, or operated by Jeopardy Productions, Inc. Join the discussion at JBoard.tv.